<?xml version="1.0" encoding="UTF-8"?>
<record
    xmlns:xsi="http://www.w3.org/2001/XMLSchema-instance"
    xsi:schemaLocation="http://www.loc.gov/MARC21/slim http://www.loc.gov/standards/marcxml/schema/MARC21slim.xsd"
    xmlns="http://www.loc.gov/MARC21/slim">

  <leader>02156nam a2200433 c 4500</leader>
  <controlfield tag="001">60818</controlfield>
  <controlfield tag="003">CO-BoRNBP</controlfield>
  <controlfield tag="005">20260318211616.0</controlfield>
  <controlfield tag="007">ta</controlfield>
  <controlfield tag="008">211019s2021    ck a|||br|||| 00| p spa d</controlfield>
  <datafield tag="020" ind1=" " ind2=" ">
    <subfield code="a">9789585330979</subfield>
  </datafield>
  <datafield tag="040" ind1=" " ind2=" ">
    <subfield code="a">CO-BoRNBP</subfield>
    <subfield code="b">spa</subfield>
    <subfield code="e">rda</subfield>
    <subfield code="c">CO-BoRNBP</subfield>
  </datafield>
  <datafield tag="041" ind1="0" ind2=" ">
    <subfield code="a">spa</subfield>
  </datafield>
  <datafield tag="043" ind1=" " ind2=" ">
    <subfield code="a">s-ck---</subfield>
  </datafield>
  <datafield tag="084" ind1=" " ind2=" ">
    <subfield code="a">P</subfield>
  </datafield>
  <datafield tag="100" ind1=" " ind2=" ">
    <subfield code="a">Orobio Solis, Faustina</subfield>
    <subfield code="d">1957-</subfield>
    <subfield code="e">aut</subfield>
    <subfield code="9">1665</subfield>
  </datafield>
  <datafield tag="245" ind1="1" ind2="0">
    <subfield code="a">Canto y juego a ritmo de marimba /</subfield>
    <subfield code="c">cantos Faustina Orobio ; compilaci&#xF3;n Freddy Henr&#xED;quez ; ilustraciones Oscar Soacha ; direcci&#xF3;n editorial Andr&#xE9;s Ch&#xE1;vez.</subfield>
  </datafield>
  <datafield tag="250" ind1=" " ind2=" ">
    <subfield code="a">Edici&#xF3;n especial</subfield>
  </datafield>
  <datafield tag="264" ind1=" " ind2="1">
    <subfield code="a">Bogot&#xE1;, Colombia :</subfield>
    <subfield code="b">Fundaci&#xF3;n Mulato,</subfield>
    <subfield code="c">2021</subfield>
  </datafield>
  <datafield tag="300" ind1=" " ind2=" ">
    <subfield code="a">91 p&#xE1;ginas :</subfield>
    <subfield code="b">ilustraciones a color +</subfield>
    <subfield code="e">1 CD</subfield>
  </datafield>
  <datafield tag="336" ind1=" " ind2=" ">
    <subfield code="a">texto</subfield>
    <subfield code="b">txt</subfield>
    <subfield code="2">rdacontent</subfield>
  </datafield>
  <datafield tag="337" ind1=" " ind2=" ">
    <subfield code="a">sin mediaci&#xF3;n</subfield>
    <subfield code="b">n</subfield>
    <subfield code="2">rdamedia</subfield>
  </datafield>
  <datafield tag="338" ind1=" " ind2=" ">
    <subfield code="a">volumen</subfield>
    <subfield code="b">nc</subfield>
    <subfield code="2">rdacarrier</subfield>
  </datafield>
  <datafield tag="490" ind1="0" ind2=" ">
    <subfield code="a">Plan Nacional de Lectura y Escritura Leer es mi Cuento / Ministerio de Cultura</subfield>
  </datafield>
  <datafield tag="504" ind1=" " ind2=" ">
    <subfield code="a">Incluye referencias bibliogr&#xE1;ficas y glosario</subfield>
  </datafield>
  <datafield tag="505" ind1="0" ind2=" ">
    <subfield code="g">CD. Cantos</subfield>
    <subfield code="t">El chocolate</subfield>
    <subfield code="t">Los cholitos</subfield>
    <subfield code="t">Cholita, ven&#xED; bailemos</subfield>
    <subfield code="t">La paloma y el pavorreal</subfield>
    <subfield code="t">Las ostras</subfield>
    <subfield code="t">El zancudo</subfield>
    <subfield code="t">La gallina cucurada</subfield>
    <subfield code="t">Los pollitos</subfield>
    <subfield code="t">Mi camotal</subfield>
    <subfield code="t">La yuca</subfield>
    <subfield code="t">La petaquita</subfield>
    <subfield code="t">El flor&#xF3;n</subfield>
    <subfield code="t">El medicamento</subfield>
    <subfield code="t">Los cinco sentidos</subfield>
    <subfield code="t">Zapatico</subfield>
    <subfield code="t">Do&#xF1;a Ana</subfield>
    <subfield code="t">El ni&#xF1;o de la cuna</subfield>
    <subfield code="g">JUEGOS</subfield>
    <subfield code="t">El cocherito</subfield>
    <subfield code="t">La pandereta</subfield>
    <subfield code="t">Las cebollitas</subfield>
    <subfield code="t">El roble</subfield>
    <subfield code="t">El p&#xE1;jaro pinto</subfield>
  </datafield>
  <datafield tag="521" ind1=" " ind2=" ">
    <subfield code="a">Recomendado para un p&#xFA;blico infantil mayor de 6 a&#xF1;os</subfield>
  </datafield>
  <datafield tag="650" ind1="0" ind2="7">
    <subfield code="a">Acciones populares</subfield>
    <subfield code="z">Pac&#xED;fico (Regi&#xF3;n, Colombia)</subfield>
    <subfield code="2">LEMB</subfield>
    <subfield code="9">63850</subfield>
  </datafield>
  <datafield tag="650" ind1="0" ind2="7">
    <subfield code="a">Juegos Con Musica</subfield>
    <subfield code="z">Pac&#xED;fico (Regi&#xF3;n, Colombia)</subfield>
    <subfield code="2">LEMB</subfield>
    <subfield code="9">1670</subfield>
  </datafield>
  <datafield tag="650" ind1="0" ind2="0">
    <subfield code="a">Pac&#xED;fico (Regi&#xF3;n, Colombia)</subfield>
    <subfield code="2">LEMB</subfield>
    <subfield code="9">61554</subfield>
  </datafield>
  <datafield tag="650" ind1="0" ind2="7">
    <subfield code="a">Canciones Infantiles</subfield>
    <subfield code="z">Pac&#xED;fico (Regi&#xF3;n, Colombia)</subfield>
    <subfield code="2">LEMB</subfield>
    <subfield code="9">1667</subfield>
  </datafield>
  <datafield tag="650" ind1="0" ind2="7">
    <subfield code="a">Folclor</subfield>
    <subfield code="z">Pac&#xED;fico (Regi&#xF3;n, Colombia)</subfield>
    <subfield code="2">LEMB</subfield>
    <subfield code="9">1669</subfield>
  </datafield>
  <datafield tag="650" ind1="0" ind2="4">
    <subfield code="a">Poes&#xED;a infantil colombiana</subfield>
    <subfield code="v">Colecciones</subfield>
    <subfield code="2">LEMB</subfield>
    <subfield code="9">1666</subfield>
  </datafield>
  <datafield tag="700" ind1=" " ind2=" ">
    <subfield code="a">Ch&#xE1;vez Ria&#xF1;o, Iv&#xE1;n Andr&#xE9;s</subfield>
    <subfield code="e">edt</subfield>
    <subfield code="9">1674</subfield>
  </datafield>
  <datafield tag="700" ind1=" " ind2=" ">
    <subfield code="a">Henr&#xED;quez Ardila, Freddy Alfonso</subfield>
    <subfield code="e">com</subfield>
    <subfield code="9">1672</subfield>
  </datafield>
  <datafield tag="700" ind1=" " ind2=" ">
    <subfield code="a">Soacha Le&#xF3;n, &#xD3;scar Albeiro</subfield>
    <subfield code="e">ill</subfield>
    <subfield code="9">1673</subfield>
  </datafield>
  <datafield tag="830" ind1=" " ind2=" ">
    <subfield code="a">Autoridades personales de mujeres escritoras colombianas</subfield>
    <subfield code="9">69461</subfield>
  </datafield>
  <datafield tag="942" ind1=" " ind2=" ">
    <subfield code="2">loc</subfield>
    <subfield code="c">BKLIT</subfield>
  </datafield>
  <datafield tag="999" ind1=" " ind2=" ">
    <subfield code="c">60818</subfield>
    <subfield code="d">60818</subfield>
  </datafield>
  <datafield tag="952" ind1=" " ind2=" ">
    <subfield code="0">0</subfield>
    <subfield code="1">0</subfield>
    <subfield code="2">ddc</subfield>
    <subfield code="4">0</subfield>
    <subfield code="7">0</subfield>
    <subfield code="a">MECASARI</subfield>
    <subfield code="b">MECASARI</subfield>
    <subfield code="d">2026-03-18</subfield>
    <subfield code="l">0</subfield>
    <subfield code="o">P</subfield>
    <subfield code="p">MDA100207</subfield>
    <subfield code="r">2026-03-18 21:17:03</subfield>
    <subfield code="t">Ej.1</subfield>
    <subfield code="w">2026-03-18</subfield>
    <subfield code="y">BKLIT</subfield>
  </datafield>
</record>
